Score 0/14 Timer 03:00
1 Play Today
Clue 4-Letter Word % Correct
Month before Oct.SEPT.
89.5%
Calcium-rich dairy productMILK
85.6%
Fine material originating from Chinese wormsSILK
81.2%
Another name for a medicinal tabletPILL
80.9%
Place where people can plant their buttocksSEAT
79.1%
Where grains are crushedMILL
78.8%
Basin for cleaning purposesSINK
77.7%
Clue 4-Letter Word % Correct
To have retained possession ofKEPT
77.3%
⚽ Most expensive defender Virgil van ___⚽ DIJK ⚽
66.6%
Fuel found in a bogPEAT
65.2%
Popular grant for US undergrad tuitionPELL
59.3%
⚽ Most expensive goalkeeper Arrizabalaga ⚽⚽ KEPA ⚽
59.3%
The ringing of a bellPEAL
58.1%
A glancing hitDINK
57.2%

Today's Daily Dose

Remove Ads.
Support Sporcle.
Get the best of Sporcle when you Go Orange. This ad-free experience offers more features, more stats, and more fun while also helping to support Sporcle. Thank you for becoming a member.

You're not logged in!

Compare scores with friends on all Sporcle quizzes.
OR
Log In

Show Comments

Extras

Top Quizzes Today


Score Distribution

Your Account Isn't Verified!

In order to create a playlist on Sporcle, you need to verify the email address you used during registration. Go to your Sporcle Settings to finish the process.

Report this User

Report this user for behavior that violates our Community Guidelines.

Details: